|
|
|
|
| LEADER |
00000nam0a2200000 4500 |
| 001 |
90043 |
| 005 |
20231031103315.0 |
| 035 |
|
|
|a (RuTPU)RU\TPU\book\96578
|
| 090 |
|
|
|a 90043
|
| 100 |
|
|
|a 20060203d1970 k y0rusy50 ca
|
| 101 |
0 |
|
|a rus
|
| 102 |
|
|
|a UA
|
| 105 |
|
|
|a a z 001zy
|
| 200 |
1 |
|
|a Элементы транзисторных схем измерительной аппаратуры для индуктивной электроразведки
|f Л. Я. Мизюк
|g Академия наук Украинской ССР (АН УССР), Физико-механический институт (ФМИ)
|
| 210 |
|
|
|a Киев
|c Наукова думка
|d 1970
|
| 215 |
|
|
|a 279 с.
|c черт.
|
| 320 |
|
|
|a Библиогр.: с. 272-279.
|
| 610 |
1 |
|
|a электроразведка
|
| 610 |
1 |
|
|a аппаратура
|
| 610 |
1 |
|
|a геофизические приборы
|
| 610 |
1 |
|
|a преобразователи
|
| 610 |
1 |
|
|a сигналы
|
| 675 |
|
|
|a 550.837
|v 3
|
| 700 |
|
1 |
|a Мизюк
|b Л. Я.
|g Леонид Яковлевич
|
| 712 |
0 |
2 |
|a Академия наук Украинской ССР (АН УССР)
|b Физико-механический институт (ФМИ)
|c (Львов)
|2 stltpush
|3 (RuTPU)RU\TPU\col\1181
|
| 801 |
|
1 |
|a RU
|b 63413507
|c 20060203
|g PSBO
|
| 801 |
|
2 |
|a RU
|b 63413507
|c 20141017
|g PSBO
|
| 942 |
|
|
|c BK
|